| 000 | 00682nas a2200229 4500 | ||
|---|---|---|---|
| 001 | BR7803251 | ||
| 003 | BR-BrBNA | ||
| 005 | 20231205083439.0 | ||
| 007 | ta | ||
| 008 | 230509b bl.|||p| |||| 00| 00por d | ||
| 040 |
_aBR-BrBNA _bpor _cBiblioteca Nacional de Agricultura |
||
| 041 | _a(En, Es, Pt) | ||
| 072 | _aH20 | ||
| 100 | 1 | _aAnon. | |
| 245 | 1 | _aRaquitismo da cana-de-acucar: bibliografia [Saccharum spp] | |
| 650 | _aCANA DE ACUCAR | ||
| 650 | _aRAQUITISMO DAS SOQUEIRAS | ||
| 650 | _aBIBLIOGRAFIA | ||
| 773 | 0 |
_tBrasil Acucareiro (Brazil) _xISSN 0006-9167 _g(May 1978), v. 91(5) p. 36-39 _wBR7803251 |
|
| 909 |
_a202311 _bLúcia _c55 _dLúcia Elande |
||
| 942 |
_2AGRIS _n0 _cANA |
||
| 999 |
_c98823 _d98823 |
||